000 00551nam a2200193Ia 4500
005 20250923145107.0
008 008 250917s9999 xx 000 0 eng d
037 _aTextual
040 _aDSWL
_beng
_cDSWL
041 _aeng
_2eng
084 _aX8;8X, N67
_qDSWL
245 0 _aReadings in group development formation and trainer
_cEd.by H. Baumgartel
260 _aBombay
_bAsia Publiing House
_c1967
300 _a244 p.
365 _aINR
_b35
925 _g35
942 _cTEXL
_hX8;8X, N67
999 _c1446993
_d1446993